Germany by Picture - Statistics

General Stats
  • This quiz has been taken 29,817 times
    29,795 since last reset
  • The average score is 14 of 18
Answer Stats
Picture Hint Answer % Correct
company Volkswagen
96%
chancellor Angela Merkel
95%
festival Oktoberfest
94%
landmark Berlin Wall
90%
breed of dog German Shepherd
84%
landmark {Brandenburg} Gate
83%
changed Christianity Martin Luther
83%
city Frankfurt
82%
airline Lufthansa
82%
musician Johann Sebastian Bach
79%
river Rhine
77%
forest Black Forest
76%
19th century agitator Karl Marx
75%
former country (in blue) Prussia
75%
breaded meat Schnitzel
71%
city / state Hamburg
69%
type of clothing Lederhosen
68%
object {Cuckoo} Clock
65%
No matching quizzes found
Score Distribution
Percent of People with Each Score
Percentile by Number Answered
Your Score History
You have not taken this quiz since the last reset